| 000 | 00677nam a2200229 a 4500 | ||
|---|---|---|---|
| 005 | 20240919063836.0 | ||
| 008 | 991125s1979 mx 000 0 spa u | ||
| 020 | _a9684090293 | ||
| 035 | _aUPN01000056941 | ||
| 049 | _aCG | ||
| 050 | 4 |
_aPQ7298 M6 _bT5.4 1979 |
|
| 100 | 1 |
_aMora, Juan Miguel de _929374 |
|
| 245 | 1 | 0 |
_aTlatelolco 1968 : _bpor fin toda la verdad / _cJuan Miguel de Mora. |
| 250 | _a11 ed. aum. | ||
| 260 |
_aMéxico : _bEDAMEX, _c1979. |
||
| 300 | _a198 p. | ||
| 440 | 0 | _aHistoria actual | |
| 650 | 4 |
_aLiteratura mexicana _ySiglo XX _95344 |
|
| 650 | 2 |
_aMovimientos estudiantiles _924999 |
|
| 651 | 4 |
_aMéxico _xPolítica y gobierno _94512 |
|
| 905 | _aLibro | ||
| 999 |
_c56941 _d56941 |
||